000
00275nam a2200109Ia 4500
008
201217s9999 xx 000 0 und d
100
_a
Verma, Pramod
245
0
_a
Labour Economics & Industrial relations
260
_a
New Delhi
_b
Tata McGraw-Hill
300
_a
443
942
_c
BK
999
_c
7907
_d
7907